Kubistická Praha : Praha esoterická /

Gespeichert in:
Bibliographische Detailangaben
1. Verfasser: Boněk, Jan (Verfasst von)
Format: Buch
Sprache:Tschechisch
Veröffentlicht: Praha : Eminent, 2014
Ausgabe:1. vydanie
Schlagworte:
Tags: Tag hinzufügen
Keine Tags, Fügen Sie das erste Tag hinzu!

MARC

LEADER 00000nam a22000003a 4500
001 0023601
003 SK-STU
005 20170511132407.2
007 ta
008 170426s ----xo-----e------000-0-----d
020 |a 978-80-7281-468-8 
040 |a STU  |b slo 
041 0 |a cze 
044 |a xr 
100 1 |a Boněk, Jan  |4 aut  |r Z6 
245 1 0 |a Kubistická Praha :  |b Praha esoterická /  |c aut. Jan Boněk 
250 |a 1. vydanie 
260 |a Praha :  |b Eminent,  |c 2014 
300 |a 200 s. 
650 0 7 |a architektúra Česko 
650 0 7 |a kubizmus v architektúre 
650 0 7 |a Janák, Pavel 
650 0 7 |a Gočár, Josef 
650 0 7 |a Hofman, Vlastislav 
650 0 7 |a Chochol, Josef 
996 |b 284AU06993  |c A* 10127/U  |l AAKNST  |s P  |a 0  |w 0023601_0001